000 00461nab a2200145Ia 4500
003 ES-SlBCS
005 20210601125513.0
008 140529s1987 xxu||||| |||| 00| 0 eng d
041 _aeng
100 1 _aEysenck, Hans J.
_9159460
245 0 0 _aAlexander Herzberg and Active Psychotherapy
_c Hans J. Eysenck
600 1 4 _aHerzberg, Alexander
_9159461
773 0 _tRevista de Historia de la Psicologia
_gvol. 8, nº. 4, 1987, págs. 309-314
_wRev700
942 _cAR
999 _c531380
_d531380